Films avec Christian Clavier - Mort subite - Statistiques

Statistiques générales
  • Ce quiz a été pris 2 256 fois
  • Le résultat moyen est 5 sur 14
Answers on the Grid
Answers color-coded by a green-red scale on the quiz's grid according to % correct below.
La cité de la peur
L'enquête corse
OSS 117 : Le Caire nid d'espions
Les bronzés
Un p'tit truc en plus
Le Père Noël est une ordure
Bienvenue chez les Ch'tis
Les visiteurs
Rendez-vous chez les Malawas
Le dîner de cons
L'opération Corned-Beef
Les visiteurs remontent le temps
Camping
Astérix et Obélix contre César
Cocorico
Alibi.com
Astérix et Obélix aux jeux olympiques
La soif de l'or
L'élève Ducobu
Papy fait de la résistance
La grande vadrouille
Les Profs
Baby sitting 2
Le corniaud
Les visiteurs en Amérique
Baby sitting
Un indien dans la ville
Les Profs 2
Qu'est-ce qu'on a fait au Bon Dieu ?
Les Tuche
 
Statistiques - réponses
Réponse % Correct
Les visiteurs
53%
Qu'est-ce qu'on a fait au Bon Dieu ?
53%
Les bronzés
49%
Le Père Noël est une ordure
39%
Les Profs
38%
Les visiteurs en Amérique
38%
Astérix et Obélix contre César
29%
Cocorico
27%
L'enquête corse
26%
L'opération Corned-Beef
23%
Papy fait de la résistance
23%
Baby sitting 2
22%
Rendez-vous chez les Malawas
19%
La soif de l'or
15%
Aucun quiz correspondant
Distribution des résultats
% des personnes avec chaque résultat
Percentile par nombre de réponses
Votre historique - résultats
Vous n’avez pas pris ce quiz